00650nam a2200229 a 4500001001300000003000900013005001700022008004100039020001000080082001700090100002800107245001800135260003100153300000700184500003500191650001900226700002800245902000800273942000700281952011700288999001500405nice12345678IN_TiNIC20260116011416.0080204s1870 teha grp 000 0 eng  ac10000a891.51bSAA6 aSaad, Salman Masood Bin aDiwan-E-ameer aTehranbNo Publisherc1870 anp aincludes index and biblioraphy aPersian Poetry1 aSaad, Salman Masood Bin bSRS cBK 001040708StackRoom-aHMIbHMId2008-02-04g100.00l0o891.51 SAA6p04479r2008-02-04v100.00w2008-02-04yBK c1273d1273